[Event "FRA-ch U10"]
[Site "Aix les Bains"]
[Date "2009.04.20"]
[Round "2"]
[White "Kieffer, Anatole"]
[Black "Lilin, Jeremy"]
[Result "0-1"]
[WhiteElo "1710"]
[BlackElo "1480"]
[PlyCount "90"]
[EventDate "2009.04.19"]
[EventType "swiss"]
[EventRounds "9"]
[EventCountry "FRA"]
[SourceTitle "CBM 130 Extra"]
[Source "ChessBase"]
[SourceDate "2009.07.02"]
[SourceVersion "2"]
[SourceVersionDate "2009.07.15"]
[SourceQuality "1"]

1. e4 e6 2. d4 d5 3. e5 c5 4. c3 Nc6 5. Nf3 Qb6 6. a3 c4 7. Nbd2 Nge7 8. Rb1 a5 9. b3 cxb3 10. Rxb3 Qc7 11. Bd3 Bd7 12. 0-0 Nd8 13. Re1 Ba4 14. Bb5+ Bxb5 15. Rxb5 Qxc3 16. Rc5 Qd3 17. Re3 Qa6 18. Qa4+ Nec6 19. Rb5 Be7 20. Nb3 0-0 21. Bd2 Bxa3 22. Nc5 Bxc5 23. Rxc5 Ra7 24. Ra3 b6 25. Rc1 b5 26. Qb3 a4 27. Qb2 Rb7 28. Bb4 Nxb4 29. Qxb4 Nc6 30. Qc5 Na7 31. h3 b4 32. Raa1 b3 33. Ra3 Rbb8 34. Qc3 Nb5 35. Qb2 Nxa3 36. Qxa3 Rfc8 37. Rb1 Qd3 38. Qb2 a3 39. Qa1 a2 40. Rb2 Rc2 41. Ne1 Rxb2 42. Qxb2 Qd1 43. Kh2 Qxe1 44. Qa3 a1Q 45. Qd6 Rf8 0-1